000 00658cam a22002291 4500
001 sa 67002187
003 DLC
005 20260227112329.0
008 890511s1966 ii b 000 0 hino
010 _asa 67002187
035 _a(OCoLC)19694576
040 _aDLC
_cWaU
_dNRU
_dDLC
042 _apremarc
050 0 0 _aPK1969.3
_b.S3
100 1 _aŚarmā, Oṅkāracandra,
_d1940-
245 1 0 _aKhar̥ī Bolī kā svarūpa.
_c[Lekhaka] Oṅkāracandra Śarmā.
260 _aDillī, Rupakamala Prakāśana
_c[1966]
300 _a250 p.
_c19 cm.
500 _aIn Hindi.
504 _aBibliography: p. 245-250.
650 0 _aKhari Boli language
_xHistory.
999 _c73102
_d73102